Microorganism as agents of corrosion (Record no. 3450)

MARC details
000 -LEADER
fixed length control field 00393nam a22001457a 4500
008 - FIXED-LENGTH DATA ELEMENTS--GENERAL INFORMATION
fixed length control field 250513b |||||||| |||| 00| 0 eng d
020 ## - INTERNATIONAL STANDARD BOOK NUMBER
ISBN 9789789675159
100 ## - MAIN ENTRY--AUTHOR
Author Manga, Sahabi Manga
245 ## - TITLE STATEMENT
Title Microorganism as agents of corrosion
260 ## - PUBLICATION, DISTRIBUTION, ETC. (IMPRINT)
Place of publication Kaduna
Name of publisher ABU Press Ltd.
Date of publication 2019
300 ## - COLLATION
Pagination xii, 84p.
Other physical details ill.
650 ## - TRACINGS
Main Subject Corrosion
Subdivision (1st) Microorganism
942 ## - ADDED ENTRY ELEMENTS (KOHA)
Item type Books
050 ## - LIBRARY OF CONGRESS CALL NUMBER
Classification number TA418.74
Item number .M36
Holdings
Source of classification or shelving scheme Not for loan Permanent location Current location Date acquired Accession No. Full call number Barcode. Koha item type
Library of Congress Classification   Samuel Ogbemudia Main Library, University of Abuja Samuel Ogbemudia Main Library, University of Abuja 05/13/2025 2025/64456 TA418.74.M36 2025-1916 Books